00559 2200205 4500001002100000005001700021008004100038035002600079245002300105100002300128250000600151260005900157300003500216020002200251082000800273084001000281650003200291990001500323990001500338INLIS00000000000003720191229184247.0191229| ||| | ind  a 0010-12190000000003700cMuhammad el-Natsir0 aMuhammad el-Natsir a1 aYogyakarta : Diva PressbYogyakarta : Diva Pressc2010 a280hlm.; 20cm ;c280hlm.; 20cm a978-602-955-501-10 a200 a2X1.6 0aCerita Dari Al-Qur'an 2X1.6 aB201217149 aB201217151